Statystyki dla Państwa z literą ,,W" w nazwie

Kliknij tutaj aby rozwiązać quiz!

Ogólne statystyki

  • Ten quiz został rozwiązany 152 razy
    (100 od ostatniego zresetowania)
  • Średni wynik to 32 z 46

Statystyki odpowiedzi

Odpowiedzi% Poprawnych
Włochy
97%
Szwecja
95%
Watykan
93%
Wenezuela
93%
Wielka Brytania
93%
Szwajcaria
89%
Węgry
87%
Wietnam
87%
Litwa
85%
Łotwa
85%
Słowacja
84%
Gwinea
82%
Norwegia
79%
Słowenia
79%
Gwinea Równikowa
77%
Nowa Zelandia
77%
Wybrzeże Kości Słoniowej
75%
Gwinea Bissau
74%
Wyspy Salomona
74%
Urugwaj
72%
Wyspy Świętego Tomasza i Książęca
72%
RPA
70%
Wyspy Marshalla
70%
Gwatemala
69%
Papua Nowa Gwinea
69%
Zimbabwe
69%
Paragwaj
67%
Rwanda
67%
Kuwejt
66%
Sudan Południowy
64%
Tajwan
64%
Botswana
62%
Mołdawia
62%
Chorwacja
61%
Korea Południowa
61%
Boliwia
59%
Republika Środkowoafrykańska
59%
Kosowo
54%
Ekwador
51%
Timor Wschodni
49%
Malediwy
48%
Malawi
43%
Salwador
43%
Republika Zielonego Przylądka
39%
Eswatini
31%
Bośnia i Harcegowina
10%

Rozkład punktacji

Percentyl według liczby udzielonych odpowiedzi

Procent ludzi z każdym wynikiem

Twoja historia wyników

Nie rozwiązałeś tego quizu od ostatniego zresetowania